000 00645nam a2200217Ia 4500
003 GCL
008 140319s9999 xx 000 0 ara d
040 _aGCL /
_cGCL
082 0 4 _aق
_b962.3
_bم ا
100 1 _aموسى عرفة
245 1 0 _aالسد العالى /
_cموسى عرفة
300 _a170 ص
490 _aالهيئة العامة للاستعلامات
_v0
650 0 4 _aمصر
650 0 4 _aالتخطيط الاقتصادى
650 0 4 _aثورة 23 يوليو 1952
650 0 4 _aنهر النيل
650 0 4 _aالسد العالى
650 0 4 _aمصر - تاريخ - العصر الحديث
942 _2ddc
_cBK
999 _c50472
_d50472